| 000 | 00971pam a2200277 a 4500 | ||
|---|---|---|---|
| 001 | 3495 | ||
| 005 | 20260320080207.0 | ||
| 020 | _a9780590433501 | ||
| 040 |
_aDLC _cDLC _dDLC _beng |
||
| 050 | 0 | 0 | _aPZ7.S52992 |
| 082 | 0 | 0 | _a813.54 |
| 100 | 1 | _aSharmat, Mitchell | |
| 245 | 1 | 0 |
_aGregory, the terrible eater / _cby Mitchell Sharmat ; illustrated by Jose Aruego and Ariane Dewey. |
| 260 |
_aNew York : _bScholastic , _c1980 |
||
| 300 |
_a32 unnumbered pages : _bcolor illustrations ; _c20 cm . |
||
| 505 | _aJ | ||
| 520 | _aA very picky eater, Gregory the goat refuses the usual goat diet staples of shoes and tin cans in favor of fruits, vegetables, eggs, and orange juice. | ||
| 521 |
_a490
_bLexile |
||
| 521 |
_aJ
_bRaz-Plus |
||
| 650 | 1 |
_aGoats _xFiction |
|
| 650 | 1 |
_aDiet _xFiction |
|
| 700 | 1 |
_aAruego, Jose _eillustrator |
|
| 700 | 1 |
_aDewey, Ariane _eillustrator |
|
| 906 |
_a7 _bcbc _corignew _d1 _eocip _f19 _gy-gencatlg |
||
| 942 |
_2ddc _cBK _n0 |
||
| 999 |
_c3495 _d3495 |
||